|
|
|
|
| LEADER |
00000nab a22000005a 4500 |
| 001 |
AR-BbUGT8503 |
| 003 |
AR-BbUGT |
| 005 |
20190311143053.0 |
| 007 |
ta |
| 008 |
171013s2000||||ag |||p |||| 0|||||spa d |
| 999 |
|
|
|c 14019
|d 14019
|
| 040 |
|
|
|a AR-BbUGT
|c AR-BbUGT
|
| 100 |
1 |
|
|a Niding, Marina
|
| 245 |
1 |
0 |
|a Turismo e identidades regionales en el marco de la globalización de fin de siglo. Una visión crítica.
|
| 653 |
|
|
|a Vision Critica del Turismo
|
| 653 |
|
|
|a Globalización
|
| 773 |
0 |
|
|o R160.44
|g Vol. 1 (2000), p. 105-114
|t Realidad, enigmas y soluciones en Turismo
|x 1666-1206
|w AR-BbUGT7005
|
| 773 |
1 |
|
|o R268.44
|w AR-BbUGT7005
|
| 942 |
|
|
|2 ddc
|c ARTPP
|